| 000 | 00483nam a2200181Ia 4500 | ||
|---|---|---|---|
| 005 | 20250326125809.0 | ||
| 008 | 250326s9999 xx 000 0 und d | ||
| 037 | _aTextbook | ||
| 040 |
_aFMSL _beng _cFMSL |
||
| 041 |
_aeng _2eng |
||
| 084 |
_aX:51 N7 _qFMSL |
||
| 100 |
_aIrvdayam Y _9739710 |
||
| 245 | 0 |
_aTechniques of export marketing _cIrvdayam Y |
|
| 260 |
_aBombay _bBombay, Asia _c1967 |
||
| 300 | _a163p | ||
| 942 |
_cTB _hX:51 N7 |
||
| 999 |
_c1279616 _d1279616 |
||